[Event "Athens Smaok op 6h"]
[Site "Athens"]
[Date "2016.04.05"]
[Round "4.5"]
[White "Tsekouras, Andreas"]
[Black "Finokaliotis, Georgios"]
[Result "1-0"]
[WhiteElo "1748"]
[BlackElo "2051"]
[PlyCount "70"]
[EventDate "2016.03.15"]
[EventType "swiss"]
[EventRounds "7"]
[EventCountry "GRE"]
[SourceTitle "EXT 2024"]
[Source "ChessBase"]
[SourceDate "2023.10.10"]
[SourceVersion "1"]
[SourceVersionDate "2023.10.10"]
[SourceQuality "1"]

1. e4 e5 2. Nf3 Nc6 3. Bb5 Nf6 4. 0-0 Be7 5. Re1 d6 6. d4 Bd7 7. Bxc6 Bxc6 8. d5 Bd7 9. c4 0-0 10. Nc3 h6 11. a4 Nh7 12. b4 f5 13. Nd2 Bg5 14. c5 Bxd2 15. Qxd2 Qh4 16. f3 Nf6 17. h3 Qg3 18. Nb5 Bxb5 19. axb5 fxe4 20. fxe4 Nh5 21. Re3 Qg6 22. Qe1 Nf4 23. Rg3 Ne2+ 24. Qxe2 Qxg3 25. Ra3 Qh4 26. Bd2 Rf7 27. Be1 Qe7 28. b6 cxb6 29. cxb6 a6 30. b5 Qd8 31. Bf2 axb5 32. Ra7 Rc8 33. Kh2 Rc4 34. Qa2 Qf6 35. Bg3 Qf1 1-0

[Event "Attica-ch U12"]
[Site "Peristeri"]
[Date "2012.04.22"]
[Round "7"]
[White "Merasedoglou, Dimitrios Nektar"]
[Black "Tsekouras, Andreas"]
[Result "1/2-1/2"]
[WhiteElo "1515"]
[BlackElo "1451"]
[PlyCount "91"]
[EventDate "2012.04.17"]
[EventType "swiss"]
[EventRounds "7"]
[EventCountry "GRE"]
[SourceTitle "EXT 2024"]
[Source "ChessBase"]
[SourceDate "2023.10.10"]
[SourceVersion "1"]
[SourceVersionDate "2023.10.10"]
[SourceQuality "1"]

1. e4 d6 2. d4 Nf6 3. Nc3 g6 4. Nf3 Bg7 5. Be3 0-0 6. Bd3 Nbd7 7. 0-0 e5 8. dxe5 dxe5 9. h3 c6 10. Qd2 Re8 11. Rfd1 Qc7 12. Ne2 Nb6 13. Ng3 Be6 14. Qc3 Nfd7 15. Ng5 Rad8 16. Nxe6 Rxe6 17. Qd2 Nf6 18. Qe2 h6 19. c3 Re7 20. Qf3 Red7 21. Be2 Rxd1+ 22. Rxd1 Rxd1+ 23. Bxd1 Nc4 24. b3 Nxe3 25. Qxe3 Qd6 26. Be2 c5 27. f3 Nd7 28. Qd3 Qc7 29. Qd2 Bf8 30. Nf1 Kg7 31. Ne3 Nf6 32. c4 a6 33. Kf2 Be7 34. Nd5 Qd6 35. Qc3 b6 36. a3 a5 37. g3 g5 38. Qd3 Qe6 39. Ne3 Qxh3 40. Nf5+ Kf8 41. Bf1 Qh5 42. Qc3 Nd7 43. Qd3 Nf6 44. Qc3 Nd7 45. Qd3 Nf6 46. Qc3 1/2-1/2

[Event "Athens Smaok op"]
[Site "Athens"]
[Date "2010.11.04"]
[Round "5.12"]
[White "Kazantzoglou, Aristotelis"]
[Black "Tsekouras, Andreas"]
[Result "0-1"]
[WhiteElo "1000"]
[BlackElo "1000"]
[PlyCount "50"]
[EventDate "2010.09.30"]
[EventType "swiss"]
[EventRounds "7"]
[EventCountry "GRE"]
[SourceTitle "EXT 2024"]
[Source "ChessBase"]
[SourceDate "2023.10.10"]
[SourceVersion "1"]
[SourceVersionDate "2023.10.10"]
[SourceQuality "1"]

1. d4 d5 2. Nf3 Bf5 3. g3 e6 4. Bg2 c5 5. c3 Nf6 6. Qa4+ Qd7 7. Qb3 Nc6 8. Na3 Bg4 9. Qb5 a6 10. Qb6 cxd4 11. cxd4 Bd6 12. Bg5 Bc7 13. Qc5 Bd6 14. Qc1 Qe7 15. 0-0 h6 16. Bd2 Bxf3 17. Bxf3 Nxd4 18. Qc3 Nxf3+ 19. Qxf3 0-0 20. Ba5 Bxa3 21. bxa3 Qc5 22. Bb4 Qb6 23. Bxf8 Rxf8 24. Rab1 Qc6 25. Rbc1 Qa4 0-1